00393pab a2200121 454500008004000000100001800040245013000058260000900188300001000197362001400207650002300221773002700244180718b1987 xxu||||| |||| 00| 0 eng d aShakoor, S.A. aThe role of private commercial banks for financing working capital to the business and industrial establishment of Bangladesh c1987 a35-57 aOct.-Dec. aBanks - Bangladesh aManagement Development